000 00436nam a2200181Ia 4500
001 20275
005 20260306172754.0
008 260306t2024||||xx |||||||||||||| ||spa||
041 _aESP
082 _a343.1
_bG23A
100 _aGarcía Belaunde, Domingo,
_eAUT
245 0 _aDerecho procesal constitucional
260 _c2024
300 _a318 páginas :
_c24 cm.
650 _aGEN
654 _aCDE
942 _cLIB
_dJUS
_fJUS
_2ddc
_n
999 _c20275
_d20275